Návrh zdokonalenia systému tvorby kariérneho rastu zamestnancov v podniku Zentiva, a.s. Hlohovec = The proposal of improvements in employee development system in Zentiva, a.s. Hlohovec : Diplomová práca
Salvato in:
| Autore principale: | |
|---|---|
| Altri autori: | |
| Natura: | Manoscritto Libro |
| Lingua: | slovacco |
| Pubblicazione: |
Trnava :
STU v Bratislave MtF KPIM,
2007
|
| Soggetti: | |
| Tags: |
Nessun Tag, puoi essere il primo ad aggiungerne!!
|
MARC
| LEADER | 00000ntm a22000003a 4500 | ||
|---|---|---|---|
| 001 | stu144937 | ||
| 005 | 20160719155753.2 | ||
| 008 | 070906s2007----xo------------------slo-d | ||
| 040 | |a STU |b slo | ||
| 041 | 0 | |a slo | |
| 044 | |a xo | ||
| 100 | 1 | |a Hájniková, Monika |4 aut | |
| 245 | 1 | |a Návrh zdokonalenia systému tvorby kariérneho rastu zamestnancov v podniku Zentiva, a.s. Hlohovec = The proposal of improvements in employee development system in Zentiva, a.s. Hlohovec : |b Diplomová práca | |
| 260 | |a Trnava : |b STU v Bratislave MtF KPIM, |c 2007 | ||
| 300 | |a 72 s |c príl., 1 CD-ROM | ||
| 500 | |a Program: priemyselné manažérstvo | ||
| 650 | 7 | |a kariéra |2 stusub | |
| 700 | 1 | |a Cagáňová, Dagmar |4 xxx |u M330 |U MTF Ústav inžinierskej pedagogiky a humatitných vied |T MTF Katedra odbornej jazykovej prípravy |U M330 |Y M330 | |
| 996 | |b 284M065811 |c M*DP-6840 |l MMSKP |s P |a 0 |w stu144937_0001 | ||